000 00300nam a2200145Ia 4500
100 _aWagolikar/K.S
942 _cBK
654 _aMechanics
245 _aApplied Mechanics
260 _bNirali prakashan
_aDelhi
_c1984
082 _a620.1
_bWal
300 _a267
546 _aENGLISH
999 _c19300
_d19300